00434nam a2200181 a 4500001001300000003000900013005001700022008004100039020000800080082001700088100001800105245002800123260003000151300000900181500003500190505001000225650001700235nice12345678IN_TiNIC20260116013602.0080215s1998 lona grp 000 0 eng  ac000a398.209bPER aPerks, Robert aThe Oral History Reader aLondon bRoutledge c1998 a479p aincludes index and biblioraphy2 aIndex aOral History